000 00707cam a2200229 4500
008 090401t1994 xxu||||| |||| 00| 0 eng d
020 _a0750619619
035 _a(Sirsi) u50632
041 _aeng
050 _a691
100 _aAddleson, L.
245 _aPerformance of materials in buildings: a study of the principles and agencies of change.
260 _aOxford
_bButterworth-Heinemann Ltd.
_c1994
300 _axx,588p. : ill. ; 25cm.
350 _a40
520 _a1994 paperback edition of book first published in 1991.
650 _aBUILT ENVIRONMENT-BUILDING MATERIALS
690 _aBUILT ENVIRONMENT-BUILDING MATERIALS
700 _aRice, Colin
942 _n0
948 _c04/03/1997
999 _c92731
_d92731